[Event "TCh-TUR 2011"]
[Site "Konya TUR"]
[Date "2011.07.04"]
[Round "7"]
[White "Keler, Faruk"]
[Black "Salepci, Osman Firat"]
[Result "1-0"]
[WhiteElo "2231"]
[BlackElo "2154"]
[WhiteTeam "Deniz Genclik S.K."]
[BlackTeam "Celikkol Turizm Pamukkale Universitesi S.K."]
[WhiteFideId "6302734"]
[BlackFideId "6302343"]
[EventDate "2011.06.28"]

1. e4 e5 2. Nf3 Nc6 3. Bb5 a6 4. Ba4 Nf6 5. O-O Be7 6. Re1 b5 7. Bb3 d6 8. c3
O-O 9. h3 Na5 10. Bc2 c5 11. d4 Qc7 12. Nbd2 Bd7 13. Nf1 cxd4 14. cxd4 Rac8 15.
Re2 Nc6 16. Be3 Nb4 17. Bb1 Rfe8 18. Ng3 g6 19. Bg5 a5 20. a3 Nc6 21. Ba2 a4 22.
Rc1 Qb7 23. Rd2 exd4 24. Nxd4 Ne5 25. Rxc8 Rxc8 26. Nde2 Nc4 27. Bxc4 Rxc4 28.
e5 Nd5 29. Bxe7 Nxe7 30. exd6 Nc6 31. Nc3 Ne5 32. Qe2 f6 33. Nd5 Kg7 34. f4 Rc1+
35. Kh2 Nc4 36. Qe7+ Kh6 1-0

[Event "TCh-TUR 2011"]
[Site "Konya TUR"]
[Date "2011.07.04"]
[Round "7"]
[White "Kucuk, Dogan"]
[Black "Okus, Melih"]
[Result "0-1"]
[WhiteElo "1885"]
[BlackElo "1893"]
[WhiteTeam "Deniz Genclik S.K."]
[BlackTeam "Celikkol Turizm Pamukkale Universitesi S.K."]
[WhiteFideId "6312985"]
[BlackFideId "6305407"]
[EventDate "2011.06.28"]

1. e4 d6 2. d4 Nf6 3. Bd3 g6 4. Ne2 Bg7 5. O-O O-O 6. h3 e5 7. c3 Re8 8. Qc2 d5
9. Bg5 dxe4 10. Bxe4 h6 11. Bxf6 Qxf6 12. Nd2 Nc6 13. Nf3 exd4 14. Nexd4 Nxd4
15. cxd4 c6 16. Rfe1 Be6 17. b4 a6 18. a4 Qf4 19. Ne5 Rad8 20. Qc5 Rxd4 21. Qxd4
Bxe5 22. Qd3 Qh2+ 23. Kf1 Bxa1 24. Bxg6 Qh1+ 0-1

[Event "TCh-TUR 2011"]
[Site "Konya TUR"]
[Date "2011.07.04"]
[Round "7"]
[White "Komut, Kaan"]
[Black "Olcum, Ahmet"]
[Result "1-0"]
[WhiteElo "1917"]
[BlackElo "1920"]
[WhiteTeam "Celikkol Turizm Pamukkale Universitesi S.K."]
[BlackTeam "Deniz Genclik S.K."]
[WhiteFideId "6309992"]
[BlackFideId "6311393"]
[EventDate "2011.06.28"]

1. e4 d6 2. d4 Nf6 3. Nc3 g6 4. f4 Bg7 5. Be3 O-O 6. h3 c5 7. dxc5 Qa5 8. Qd2
dxc5 9. O-O-O Nxe4 10. Nxe4 Qxa2 11. Qd3 Bxb2+ 12. Kd2 Bf5 13. Nc3 Qa5 14. Qc4
Rd8+ 15. Ke2 Na6 16. Nd5 Kf8 17. g4 Bd7 18. Kf2 Bc6 19. f5 Bd4 20. Bg2 e6 21.
fxe6 fxe6 22. Rxd4 cxd4 23. Bh6+ Kf7 24. Nf4 Nc7 25. Bxc6 bxc6 26. Nf3 Qb5 27.
Qa2 Nd5 28. Rb1 Qc5 29. Rb7+ Kg8 30. Nd3 Qd6 31. Nfe5 Rf8+ 32. Kg1 Nc7 33. Bxf8
Rxf8 34. Qxa7 Ne8 35. Rd7 1-0

[Event "TCh-TUR 2011"]
[Site "Konya TUR"]
[Date "2011.07.04"]
[Round "7"]
[White "Abdimanoglu, Beste Basak"]
[Black "Bal, Sevgican"]
[Result "1/2-1/2"]
[WhiteElo "1751"]
[BlackElo "1610"]
[WhiteTeam "Deniz Genclik S.K."]
[BlackTeam "Celikkol Turizm Pamukkale Universitesi S.K."]
[WhiteFideId "6300286"]
[BlackFideId "6324894"]
[EventDate "2011.06.28"]

1. Nf3 Nf6 2. c4 e6 3. e3 d5 4. b3 c6 5. Bb2 Nbd7 6. Be2 Bd6 7. O-O O-O 8. Nc3
Qe7 9. a3 a5 10. d4 Ne4 11. Nxe4 dxe4 12. Nd2 f5 13. f4 exf3 14. Bxf3 e5 15. e4
exd4 16. exf5 Ne5 17. Bxd4 Bxf5 18. Re1 Nxf3+ 19. Nxf3 Qf7 20. Qd2 Rad8 21. Qxa5
Bg4 22. Rf1 Ra8 23. Qc3 Qc7 24. c5 Bf4 25. Be5 Bxe5 26. Nxe5 Rxf1+ 27. Rxf1 Be6
28. b4 Bd5 29. Nc4 Re8 30. Nd6 Re2 31. Rf2 Qe7 32. Rxe2 Qxe2 33. Qg3 Qd1+ 34.
Kf2 Qc2+ 35. Ke3 Qc1+ 36. Kf2 Qc2+ 37. Kf1 Qc1+ 38. Qe1 Qf4+ 39. Kg1 Qd4+ 40.
Kf1 Qd3+ 41. Kf2 Qd4+ 42. Kf1 Qd3+ 43. Kg1 Qd4+ 44. Kh1 h6 45. h3 Qd3 46. Kh2
Qxa3 47. Nxb7 Qb2 48. Qg3 Qxb4 49. Qc7 Qe4 1/2-1/2

[Event "TCh-TUR 2011"]
[Site "Konya TUR"]
[Date "2011.07.04"]
[Round "7"]
[White "Demirel, Tolga"]
[Black "Sirin, Atakan"]
[Result "0-1"]
[WhiteTitle "FM"]
[WhiteElo "2148"]
[BlackElo "2230"]
[WhiteTeam "Isek Aquamatch S.K."]
[BlackTeam "Manisa Doruk Koleji S.K."]
[WhiteFideId "6300413"]
[BlackFideId "6303307"]
[EventDate "2011.06.28"]

1. c4 e6 2. Nf3 Nf6 3. g3 d5 4. Bg2 dxc4 5. Na3 Qd5 6. Qa4+ c6 7. Nh4 Qh5 8. Bf3
Qc5 9. Ng2 b5 10. Qc2 Na6 11. d4 Qb6 12. O-O Nb4 13. Qd1 Bb7 14. Nb1 Rd8 15. a3
Rxd4 16. Bd2 Na6 17. Qc2 Rd7 18. Nc3 Nd5 19. b4 cxb3 20. Qxb3 Be7 21. e4 Nc5 22.
Qc2 Nxc3 23. Bxc3 O-O 24. Nf4 Na4 25. Bg4 c5 26. Nh5 Nxc3 27. Qxc3 Rd4 28. Bf3
e5 29. g4 Rfd8 30. Rad1 g6 31. Ng3 c4 32. Be2 a5 33. Kg2 b4 34. axb4 axb4 35.
Qc1 c3 36. Qh6 Qf6 37. h4 Qf4 0-1

[Event "TCh-TUR 2011"]
[Site "Konya TUR"]
[Date "2011.07.04"]
[Round "7"]
[White "Yigit, Aleyna"]
[Black "Patel, Yesim"]
[Result "1-0"]
[WhiteElo "1732"]
[BlackElo "1804"]
[WhiteTeam "Isek Aquamatch S.K."]
[BlackTeam "Manisa Doruk Koleji S.K."]
[WhiteFideId "6300235"]
[BlackFideId "6300200"]
[EventDate "2011.06.28"]

1. e4 c5 2. Nf3 Nc6 3. d4 cxd4 4. Nxd4 e5 5. Nb5 d6 6. N1c3 a6 7. Na3 b5 8. Nd5
Nce7 9. c4 Nxd5 10. exd5 bxc4 11. Nxc4 Be7 12. Be3 Rb8 13. Be2 f5 14. Bd2 Qd7
15. Ba5 Nf6 16. Nb6 Qa7 17. Rc1 O-O 18. Na4 Bd8 19. Bxd8 Rxd8 20. O-O Qf7 21. b3
Kh8 22. Bc4 f4 23. f3 Qg6 24. Kh1 Nh5 25. Bd3 Qg5 26. Rf2 Rf8 27. Nc3 Qh4 28.
Ne4 Ng3+ 29. Kg1 Nxe4 30. Bxe4 Bf5 31. Re2 Bxe4 32. Rxe4 Rf6 33. Qe1 Qg5 34. Qf2
h5 35. Rec4 Rbf8 36. Kh1 h4 37. Rg1 Rh6 38. Rc6 Ra8 39. Rgc1 Qf5 40. Rb6 Qd3 41.
Qc2 Qxd5 42. Qc6 Qg8 43. Rxa6 Rd8 44. Qe4 h3 45. gxh3 Qe6 46. Qe2 Qxh3 47. Qg2
Qh4 48. Rg1 g5 49. Qe2 Rc8 50. b4 Rc3 51. b5 Re3 52. Qg2 Rxf3 53. b6 Rh3 54.
Ra8+ Kh7 55. Qc2+ Kg7 56. Qc7+ Kg6 57. Rg8+ Kf5 58. R8xg5+ Ke4 59. Qc4+ Ke3 60.
Qc3+ Ke4 61. Qc2+ Kd5 62. Rd1+ Ke6 63. Qf5+ Ke7 64. Rg7+ 1-0

[Event "TCh-TUR 2011"]
[Site "Konya TUR"]
[Date "2011.07.04"]
[Round "7"]
[White "Diril, Dogus"]
[Black "Hasbay, Erim"]
[Result "0-1"]
[WhiteElo "1612"]
[BlackElo "1651"]
[WhiteTeam "Manisa Doruk Koleji S.K."]
[BlackTeam "Isek Aquamatch S.K."]
[WhiteFideId "6324240"]
[BlackFideId "6348238"]
[EventDate "2011.06.28"]

1. e4 c5 2. c3 d5 3. exd5 Qxd5 4. d4 Nf6 5. Nf3 Bg4 6. Nbd2 Nc6 7. Bc4 Bxf3 8.
Qb3 Na5 9. Qb5+ Qd7 10. Nxf3 Nxc4 11. Qxc4 cxd4 12. cxd4 Rc8 13. Qb3 e6 14. O-O
Bd6 15. Ne5 Bxe5 16. dxe5 Nd5 17. Qg3 O-O 18. Rd1 f5 19. exf6 Rxf6 20. Be3 Rff8
21. Bc1 Rf6 22. Be3 Rg6 23. Qe5 Qc6 24. Rac1 Nc3 25. f3 Ne2+ 26. Kf2 Nxc1 27.
Rxc1 Qd7 28. Rxc8+ Qxc8 29. Qe4 a6 30. Qd3 Qc7 31. g3 Rf6 32. Bd2 Rf8 33. Bc3
Qc6 34. Qe3 Qd5 35. a3 Re8 36. h3 e5 37. f4 e4 38. Ke2 Qc4+ 39. Kf2 Rd8 40. Qe2
Rd3 41. Kg2 Rxg3+ 0-1

[Event "TCh-TUR 2011"]
[Site "Konya TUR"]
[Date "2011.07.04"]
[Round "8"]
[White "Kulaots, Kaido"]
[Black "Kasimdzhanov, Rustam"]
[Result "1/2-1/2"]
[WhiteTitle "GM"]
[BlackTitle "GM"]
[WhiteElo "2607"]
[BlackElo "2685"]
[WhiteTeam "Gazi Universitesi S.K."]
[BlackTeam "Isek Aquamatch S.K."]
[WhiteFideId "4500261"]
[BlackFideId "14200244"]
[EventDate "2011.06.28"]

1. e4 c6 2. d4 d5 3. Nc3 dxe4 4. Nxe4 Nd7 5. Ng5 Ngf6 6. Bd3 e6 7. N1f3 Bd6 8.
Qe2 h6 9. Ne4 Nxe4 10. Qxe4 Nf6 11. Qe2 b6 12. Bd2 Bb7 13. O-O-O Qc7 14. Rhe1
O-O-O 15. Ba6 Rhe8 16. Bxb7+ Qxb7 17. c4 c5 18. Bc3 cxd4 19. Bxd4 Bb4 20. Rf1
Bd6 21. Rfe1 Bb4 22. Rf1 Bd6 1/2-1/2

[Event "TCh-TUR 2011"]
[Site "Konya TUR"]
[Date "2011.07.04"]
[Round "8"]
[White "Durarbeyli, Vasif"]
[Black "Pantsulaia, Levan"]
[Result "1-0"]
[WhiteTitle "GM"]
[BlackTitle "GM"]
[WhiteElo "2511"]
[BlackElo "2613"]
[WhiteTeam "Gazi Universitesi S.K."]
[BlackTeam "Isek Aquamatch S.K."]
[WhiteFideId "13402935"]
[BlackFideId "13602071"]
[EventDate "2011.06.28"]

1. e4 c5 2. Nf3 e6 3. c4 a6 4. Nc3 Qc7 5. g3 Nc6 6. Bg2 Nd4 7. O-O Ne7 8. d3
Nec6 9. Be3 Be7 10. Rc1 O-O 11. a3 Rb8 12. Kh1 Bf6 13. Nd2 d6 14. f4 g6 15. f5
Ne5 16. Bh6 Bg7 17. Bxg7 Kxg7 18. f6+ Kh8 19. Nf3 Qd8 20. Nxe5 dxe5 21. Qg4 h6
22. Nd1 Kh7 23. Ne3 Rh8 24. Qh4 Nc6 25. b4 cxb4 26. axb4 Qd4 27. Ng4 h5 28. b5
Nb4 29. Rb1 Nxd3 30. Rbd1 Kg8 31. Rxd3 Qxd3 32. Nxe5 Qd2 33. Nxg6 Qh6 34. Nxh8
Kxh8 35. e5 axb5 36. Qd4 Qf8 37. Qd1 Qg8 38. Rf4 Qg6 39. Be4 1-0

[Event "TCh-TUR 2011"]
[Site "Konya TUR"]
[Date "2011.07.04"]
[Round "8"]
[White "Yurtseven, Can"]
[Black "Can, Emre"]
[Result "1-0"]
[WhiteTitle "FM"]
[BlackTitle "GM"]
[WhiteElo "2330"]
[BlackElo "2487"]
[WhiteTeam "Isek Aquamatch S.K."]
[BlackTeam "Gazi Universitesi S.K."]
[WhiteFideId "6300081"]
[BlackFideId "6302181"]
[EventDate "2011.06.28"]

1. Nf3 Nf6 2. g3 g6 3. Bg2 Bg7 4. O-O O-O 5. c4 d6 6. Nc3 e5 7. d3 Nc6 8. Bg5 h6
9. Bxf6 Bxf6 10. Rb1 a5 11. a3 Be6 12. b4 axb4 13. axb4 Qd7 14. Nd2 Bg7 15. b5
Nd8 16. Nd5 f5 17. e3 Nf7 18. Qc2 Ng5 19. f4 Nf7 20. Nb3 Kh7 21. fxe5 Nxe5 22.
Nf4 Ra7 23. d4 Ng4 24. Rbe1 Nf6 25. Nxg6 Kxg6 26. d5 Ng4 27. dxe6 Qxe6 28. h3
Ne5 29. Bd5 Qf6 30. Nd4 Kh7 31. Nxf5 Kh8 32. Nd4 Qg5 33. Rxf8+ Bxf8 34. Qf2 Bg7
35. Ne6 Qg6 36. Nf4 Qf6 37. b6 cxb6 38. Rf1 Ra3 39. Be4 Qg5 40. Kh2 Qe7 41. Nh5
Qg5 42. Nxg7 Qxg7 43. Qf5 Ra8 44. Qe6 Rf8 45. Rf4 h5 46. Qxd6 Rg8 47. g4 hxg4
48. Rf5 Nf3+ 49. Bxf3 g3+ 50. Kh1 Qa1+ 51. Bd1 1-0

[Event "TCh-TUR 2011"]
[Site "Konya TUR"]
[Date "2011.07.04"]
[Round "8"]
[White "Cinar Corlulu, Nilufer"]
[Black "Atalik, Ekaterina"]
[Result "0-1"]
[WhiteTitle "WIM"]
[BlackTitle "IM"]
[WhiteElo "1991"]
[BlackElo "2436"]
[WhiteTeam "Gazi Universitesi S.K."]
[BlackTeam "Isek Aquamatch S.K."]
[WhiteFideId "6300243"]
[BlackFideId "4130189"]
[EventDate "2011.06.28"]

1. e4 e5 2. Nf3 Nc6 3. Bb5 Nf6 4. d3 d6 5. c3 g6 6. Nbd2 Bg7 7. Nf1 O-O 8. Bg5
a6 9. Ba4 b5 10. Bb3 Na5 11. Bc2 c5 12. Qd2 Bg4 13. Qe3 b4 14. N1d2 Rb8 15. O-O
Be6 16. cxb4 Rxb4 17. b3 Nc6 18. h3 Qd7 19. Nh2 Nh5 20. Bd1 Nf4 21. Ng4 f6 22.
Bh4 Rd4 23. Be2 h5 24. Nh2 g5 25. Bg3 h4 26. Bxf4 exf4 27. Qf3 Ne5 0-1

[Event "TCh-TUR 2011"]
[Site "Konya TUR"]
[Date "2011.07.04"]
[Round "8"]
[White "Zeytinoglu, Nasir Ekin"]
[Black "Ozalp, Burak"]
[Result "1-0"]
[WhiteElo "1970"]
[BlackElo "1901"]
[WhiteTeam "Isek Aquamatch S.K."]
[BlackTeam "Gazi Universitesi S.K."]
[WhiteFideId "6310478"]
[BlackFideId "6314210"]
[EventDate "2011.06.28"]

1. e4 c5 2. Nf3 d6 3. d4 cxd4 4. Nxd4 Nf6 5. Nc3 g6 6. Be3 Bg7 7. f3 Nc6 8. Qd2
O-O 9. Bc4 Bd7 10. h4 Rc8 11. Bb3 Ne5 12. O-O-O Re8 13. Kb1 Nc4 14. Bxc4 Rxc4
15. h5 b5 16. hxg6 fxg6 17. g4 b4 18. Nce2 a5 19. Ng3 e5 20. Nde2 Qc7 21. g5 Nh5
22. Nxh5 gxh5 23. Ng3 Rc8 24. Rc1 Be8 25. Nxh5 Bxh5 26. Rxh5 Qf7 27. g6 hxg6 28.
Rh3 Qe6 29. Rg3 a4 30. Bh6 b3 31. c3 bxa2+ 32. Ka1 Bh8 33. Rh1 Kf7 34. f4 Rxe4
35. fxe5 Bxe5 36. Rf3+ Ke7 37. Bg5+ Kd7 38. Qf2 Rc7 39. Rf7+ Kc6 40. Rxc7+ Kxc7
41. Qa7+ Kc6 42. Qa6+ Kc5 43. Bd8 Qb3 44. Qc8+ Kb5 45. Qb7+ Kc5 46. Qxe4 a3 47.
Qb4+ Qxb4 48. cxb4+ Kxb4 49. Kxa2 axb2 50. Rg1 Kc3 51. Kb1 d5 52. Rxg6 d4 53.
Bf6 Bxf6 54. Rxf6 d3 55. Rd6 d2 56. Rd8 1-0

[Event "TCh-TUR 2011"]
[Site "Konya TUR"]
[Date "2011.07.04"]
[Round "8"]
[White "Yigit, Aleyna"]
[Black "Sasmazel, Burcu"]
[Result "1-0"]
[WhiteElo "1732"]
[BlackElo "1911"]
[WhiteTeam "Isek Aquamatch S.K."]
[BlackTeam "Gazi Universitesi S.K."]
[WhiteFideId "6300235"]
[BlackFideId "6319106"]
[EventDate "2011.06.28"]

1. e4 e5 2. Nf3 Nc6 3. Nc3 Nf6 4. d4 Bb4 5. d5 Ne7 6. Nxe5 d6 7. Bb5+ Kf8 8. Nf3
Nxe4 9. Qd4 Nxc3 10. bxc3 Bc5 11. Qd1 f6 12. O-O a6 13. Ba4 Bf5 14. Re1 b5 15.
Bb3 Qd7 16. c4 b4 17. Bb2 Bg4 18. Qd3 Ng6 19. Bc1 Ne5 20. Nxe5 fxe5 21. h3 Bf5
22. Qf3 Bd4 23. Rb1 Ke8 24. Bb2 Bxb2 25. Rxb2 Rf8 26. Qe3 Kf7 27. c3 a5 28. cxb4
axb4 29. Bc2 Bxc2 30. Rxc2 Ra3 31. Qd2 Rb8 32. Rb2 Qf5 33. Re3 Rxe3 34. Qxe3 Qc8
35. Qe4 Qa6 36. f4 Re8 37. Qf5+ Kg8 38. Qd7 Qb6+ 39. Kh1 Rf8 40. Qe6+ Kh8 41.
Qe7 Kg8 42. Qe6+ Kh8 43. f5 h6 44. Rb3 Qf2 45. Rf3 Qe1+ 46. Kh2 Qe4 47. Qd7 Qxc4
48. Rg3 Rg8 49. Qf7 Qf4 50. Qxc7 e4 51. Qe7 Kh7 52. Qe6 Kh8 53. Qg6 Qe5 54. f6
e3 55. fxg7+ Rxg7 56. Qxh6+ Kg8 57. Qxg7+ Qxg7 58. Rxg7+ Kxg7 59. Kg3 Kf6 60.
Kf3 Ke5 61. Kxe3 Kxd5 62. g4 1-0

[Event "TCh-TUR 2011"]
[Site "Konya TUR"]
[Date "2011.07.04"]
[Round "8"]
[White "Firat, Deniz"]
[Black "Sahin, Handenur"]
[Result "1-0"]
[WhiteElo "1635"]
[BlackElo "1738"]
[WhiteTeam "Isek Aquamatch S.K."]
[BlackTeam "Gazi Universitesi S.K."]
[WhiteFideId "6323332"]
[BlackFideId "6334865"]
[EventDate "2011.06.28"]

1. d4 d5 2. c4 c6 3. Nf3 Nf6 4. Nc3 dxc4 5. e3 b5 6. a4 b4 7. Na2 e6 8. Bxc4
Nbd7 9. O-O Be7 10. Qc2 Bb7 11. Bd3 O-O 12. e4 h6 13. b3 Rc8 14. Bb2 a5 15. Rac1
Qb6 16. Qe2 c5 17. h3 Rfd8 18. Rfd1 Qa7 19. Bb1 Ba6 20. Bd3 Bb7 21. Rc2 Qa8 22.
e5 Nh7 23. Ne1 Nb6 24. Rcd2 Bd5 25. dxc5 Bxc5 26. Nc1 Nf8 27. Kh2 Qa7 28. Bb5
Qe7 29. f4 Ng6 30. g3 Ba8 31. Ned3 Bd4 32. Bxd4 Rxd4 33. Qf2 Qd8 34. Nxb4 Rxd2
35. Rxd2 Qc7 36. Rc2 Qb7 37. Bc6 Qa7 38. Bxa8 Qxa8 39. Nbd3 Nd5 40. Rxc8+ Qxc8
41. Qc5 Qa8 42. Ne2 Qa6 43. Qc4 Qa7 44. Nd4 Ne3 45. Qc5 Qb7 46. Qc6 Qe7 47. Qa8+
Kh7 48. Qf3 Nd5 49. f5 Nf8 50. Qe4 Qg5 51. fxe6+ Kh8 52. Nf4 fxe6 53. Ndxe6 Nxe6
54. Nxe6 Qd2+ 55. Qg2 Qd1 56. Qf2 Kg8 57. Qf8+ 1-0

[Event "TCh-TUR 2011"]
[Site "Konya TUR"]
[Date "2011.07.04"]
[Round "8"]
[White "Parligras, Mircea-Emilian"]
[Black "Savchenko, Boris"]
[Result "0-1"]
[WhiteTitle "GM"]
[BlackTitle "GM"]
[WhiteElo "2626"]
[BlackElo "2630"]
[WhiteTeam "Deniz Genclik S.K."]
[BlackTeam "Manisa Doruk Koleji S.K."]
[WhiteFideId "1204297"]
[BlackFideId "4147332"]
[EventDate "2011.06.28"]

1. d4 e6 2. c4 b6 3. e4 Bb7 4. Bd3 Nc6 5. Nf3 Nb4 6. O-O Ne7 7. Nc3 Nxd3 8. Qxd3
h6 9. d5 g5 10. Be3 Bg7 11. Bd4 f6 12. e5 f5 13. d6 Nc8 14. Nb5 c5 15. Nc7+ Kf7
16. Bc3 Rb8 17. Nd2 Ne7 18. g4 f4 19. f3 Ng6 20. Rae1 h5 21. Nd5 Rh6 22. Rf2 b5
23. b3 hxg4 24. fxg4 bxc4 25. bxc4 exd5 26. cxd5 Kg8 27. Nf3 c4 28. Qxc4 Rc8 29.
Qb3 Qb6 30. Qxb6 axb6 31. e6 Bxc3 32. Rc1 Ne5 33. Rxc3 Rxc3 34. Nxe5 Rc1+ 35.
Rf1 Rxf1+ 36. Kxf1 Bxd5 37. e7 Re6 38. Nxd7 Kf7 0-1

[Event "TCh-TUR 2011"]
[Site "Konya TUR"]
[Date "2011.07.04"]
[Round "8"]
[White "Erturan, Yakup"]
[Black "Ibrahimov, Rasul"]
[Result "1/2-1/2"]
[WhiteTitle "IM"]
[BlackTitle "GM"]
[WhiteElo "2346"]
[BlackElo "2532"]
[WhiteTeam "Manisa Doruk Koleji S.K."]
[BlackTeam "Deniz Genclik S.K."]
[WhiteFideId "6301410"]
[BlackFideId "13400495"]
[EventDate "2011.06.28"]

1. d4 Nf6 2. c4 e6 3. Nf3 b6 4. g3 Ba6 5. b3 Bb4+ 6. Bd2 Be7 7. Bg2 c6 8. Bc3 d5
9. Ne5 O-O 10. Nd2 Bb7 11. O-O Nbd7 12. e4 Qc7 13. Bb2 Rad8 14. Qc2 dxe4 1/2-1/2

[Event "TCh-TUR 2011"]
[Site "Konya TUR"]
[Date "2011.07.04"]
[Round "8"]
[White "Topak, Engin"]
[Black "Secer, Ata"]
[Result "1/2-1/2"]
[WhiteTitle "FM"]
[BlackTitle "FM"]
[WhiteElo "2306"]
[BlackElo "2329"]
[WhiteTeam "Deniz Genclik S.K."]
[BlackTeam "Manisa Doruk Koleji S.K."]
[WhiteFideId "6300324"]
[BlackFideId "6303293"]
[EventDate "2011.06.28"]

1. d4 d5 2. c4 c6 3. Nc3 Nf6 4. e3 g6 5. Nf3 Bg7 6. cxd5 cxd5 7. Bb5+ Nbd7 8.
Qb3 e6 9. Qa3 a6 10. Bd2 Bf8 11. Qa4 Rb8 12. Bd3 Be7 13. O-O O-O 14. Ne2 b5 15.
Qa5 Bb7 16. Qxd8 Rfxd8 17. Ba5 Rdc8 18. Rfc1 Rxc1+ 19. Rxc1 Rc8 20. Rxc8+ 1/2-1/2

[Event "TCh-TUR 2011"]
[Site "Konya TUR"]
[Date "2011.07.04"]
[Round "8"]
[White "Sirin, Atakan"]
[Black "Kose, Serkan"]
[Result "1-0"]
[WhiteElo "2230"]
[BlackElo "2150"]
[WhiteTeam "Manisa Doruk Koleji S.K."]
[BlackTeam "Deniz Genclik S.K."]
[WhiteFideId "6303307"]
[BlackFideId "6301584"]
[EventDate "2011.06.28"]

1. d4 d5 2. Nf3 e6 3. c4 Nf6 4. g3 c6 5. Bg2 Bd6 6. Nc3 O-O 7. O-O Nbd7 8. Nd2
Bc7 9. e4 dxe4 10. Ndxe4 h6 11. b3 Nxe4 12. Nxe4 f5 13. Nc3 e5 14. Ba3 exd4 15.
Qxd4 Be5 16. Qd3 Re8 17. Rfe1 Qf6 18. Rad1 Re6 19. Na4 f4 20. Bh3 Re8 21. Bxd7
Bxd7 22. Qxd7 Rad8 23. Qg4 fxg3 24. hxg3 b6 25. Rxd8 Rxd8 26. Qe2 Bd4 27. Bb2 c5
28. Bxd4 Qxd4 29. Qe3 Qg4 30. Qe6+ Qxe6 31. Rxe6 Rd2 32. Nc3 Kf7 33. Re2 Rd4 34.
Kg2 a6 35. Na4 Rd6 36. Re5 g5 37. Rd5 Rc6 38. Nc3 Ke7 39. Ne4 Re6 40. Kf3 a5 41.
a4 Rc6 42. Kg4 Re6 43. Kf5 Rc6 44. g4 Rc8 45. Rd6 h5 46. gxh5 1-0

[Event "TCh-TUR 2011"]
[Site "Konya TUR"]
[Date "2011.07.04"]
[Round "8"]
[White "Olcum, Ahmet"]
[Black "Ciloglu, Dogu"]
[Result "0-1"]
[WhiteElo "1920"]
[BlackElo "1770"]
[WhiteTeam "Deniz Genclik S.K."]
[BlackTeam "Manisa Doruk Koleji S.K."]
[WhiteFideId "6311393"]
[BlackFideId "6309607"]
[EventDate "2011.06.28"]

1. e4 c5 2. Nf3 Nc6 3. d3 g6 4. g3 Bg7 5. Bg2 d6 6. O-O e6 7. c3 Nge7 8. Re1 O-O
9. Nbd2 Rb8 10. a4 a6 11. Nb3 Na5 12. Nxa5 Qxa5 13. e5 d5 14. b4 cxb4 15. cxb4
Qd8 16. h4 b6 17. d4 Bd7 18. Nh2 h5 19. Bg5 Qe8 20. g4 f6 21. exf6 Bxf6 22. gxh5
Bxg5 23. hxg5 gxh5 24. Qd2 Ng6 25. Ra3 Rf5 26. Bh3 Rf4 27. Rae3 Qf7 28. Bxe6
Bxe6 29. Rxe6 Rf8 30. f3 Nh4 31. Qc2 Nxf3+ 32. Nxf3 Rg4+ 33. Kh2 Qf4+ 0-1

[Event "TCh-TUR 2011"]
[Site "Konya TUR"]
[Date "2011.07.04"]
[Round "8"]
[White "Patel, Yesim"]
[Black "Ustundag, Nefise Melis"]
[Result "1-0"]
[WhiteElo "1804"]
[BlackElo "1695"]
[WhiteTeam "Manisa Doruk Koleji S.K."]
[BlackTeam "Deniz Genclik S.K."]
[WhiteFideId "6300200"]
[BlackFideId "6325637"]
[EventDate "2011.06.28"]

1. e4 e5 2. Nf3 Nc6 3. Bb5 a6 4. Ba4 Nf6 5. O-O b5 6. Bb3 Be7 7. Re1 O-O 8. h3
d6 9. c3 Na5 10. Bc2 c5 11. d4 Qc7 12. d5 Bb7 13. b3 Rac8 14. Nbd2 Rfe8 15. Nf1
Bf8 16. Bg5 Nd7 17. N1h2 g6 18. Qd2 Bg7 19. Bh6 Nf6 20. Ng4 Qe7 21. Bxg7 Nxg4
22. hxg4 Kxg7 23. g5 Rh8 24. g3 Rcf8 25. Kg2 Bc8 26. Rh1 f6 27. a4 Qc7 28. gxf6+
Rxf6 29. Qh6+ Kg8 30. Ng5 c4 31. b4 Qb6 32. Raf1 Nb3 33. Nxh7 Rxh7 34. Qxh7+ Kf8
35. Qh8+ Ke7 36. Qxc8 Qa7 37. Rh7+ Rf7 38. Qe6+ Kf8 39. Rxf7+ Qxf7 40. Qxf7+
Kxf7 41. Bxb3 cxb3 42. axb5 1-0

[Event "TCh-TUR 2011"]
[Site "Konya TUR"]
[Date "2011.07.04"]
[Round "8"]
[White "Ererdem, Gani Eren"]
[Black "Ozcan, Kerem"]
[Result "1-0"]
[WhiteElo "1996"]
[BlackElo "1578"]
[WhiteTeam "Deniz Genclik S.K."]
[BlackTeam "Manisa Doruk Koleji S.K."]
[WhiteFideId "6310915"]
[BlackFideId "6310486"]
[EventDate "2011.06.28"]

1. e4 c5 2. Nf3 e6 3. Nc3 Nc6 4. g3 g6 5. d4 cxd4 6. Nxd4 a6 7. Nxc6 bxc6 8. Qd4
Qf6 9. e5 Qd8 10. Ne4 c5 11. Qc3 Bb7 12. Bg5 Bxe4 13. Bxd8 Bxh1 14. Bc7 Nh6 15.
f3 Nf5 16. Kf2 Nd4 17. Be2 Nxe2 18. Kxe2 Bg2 19. Rg1 Bh3 20. g4 h5 21. Rg3 hxg4
22. fxg4 Bxg4+ 23. Rxg4 Rxh2+ 24. Kf3 Rc8 25. Bd6 Bxd6 26. exd6 Rc6 27. Qe5 Rh5
28. Rg5 Rh7 29. Qg3 Kf8 30. Qf4 Kg7 31. Rxc5 Rxc5 32. Qd4+ e5 33. Qxc5 Kf6 34.
Qc8 Ke6 35. Qg8 Kf6 36. Qc8 Ke6 37. Qg8 Rh5 38. Qf8 Kd5 39. Qxf7+ Kd4 40. Qxd7
e4+ 41. Kg4 Rd5 42. Qc7 e3 43. d7 e2 44. Qc3+ Ke4 45. Qf3+ Kd4 46. Qxe2 1-0

[Event "TCh-TUR 2011"]
[Site "Konya TUR"]
[Date "2011.07.04"]
[Round "8"]
[White "Odeev, Handszar"]
[Black "Agamaliev, Gamil"]
[Result "0-1"]
[WhiteTitle "GM"]
[BlackTitle "GM"]
[WhiteElo "2405"]
[BlackElo "2523"]
[WhiteTeam "Celikkol Turizm Pamukkale Universitesi S.K."]
[BlackTeam "Yapi Kredi Spor Kulubu"]
[WhiteFideId "14000091"]
[BlackFideId "13400215"]
[EventDate "2011.06.28"]

1. e4 e5 2. Nf3 Nc6 3. d4 exd4 4. Nxd4 Bc5 5. Nxc6 bxc6 6. Bc4 Qh4 7. O-O Nf6 8.
g3 Qh3 9. Qf3 O-O 10. Nc3 d5 11. exd5 Bg4 12. Qd3 Bh5 13. g4 Qxg4+ 14. Kh1 Bg6
15. Qe2 Qh4 16. f4 cxd5 17. Bd3 Rfe8 18. Qg2 Bxd3 19. cxd3 c6 20. Bd2 Ng4 21.
Nd1 Re7 22. h3 h5 0-1